00685nam a2200181 a 450000100100000000500170001000800410002702000150006804000250008308200150010810000430012324500540016626000850022030000360030550400320034195201130037399900170048600004459820201002045505.0140721s1984 sp ac 000 0 spa d a843981710x aDO-SdBNPbspacBNPHU axxxxbxxxx1 aArribas, Miguel María,d1932-97262813aUn periodista mártir /cMiguel María Arribas. aMadrid :bConferencia de Provinciales de la Región Ibérica Carmelita,c1984. a374 p. :bil., retrs. ;c21 cm. aBibliografía : p. 371-374 001050718MOaGRbGRcCTd2014-07-21iLF1l0oxxxx xxxxp44598-10r2020-06-25w2020-06-25y1ZNo se presta c44087d44087